000 00674nam a2200241Ia 4500
003 OSt
005 20220928102110.0
006 a|||||r|||| 00| 0
007 ta
008 220927b |||||||| |||| 00| 0 eng d
024 _a41627
037 _cTextual
040 _aSDCL
_cSDCL
_beng
041 _2eng
_aeng
082 _aS38, M7
100 _aSubba Rao Kalluri Ed.
_9396587
245 0 _aAging
_b A multifactorial discussion.
260 _aHyderabad
_bRamkrishna Press
_c1987
300 _a142p.
_ccm.
700 _a Prabhakar V Ed.
_9396588
942 _hS38, M7
_cTEXL
_2CC
999 _c712335
_d712335